00750nam a2200205 a 450000100100000000500170001000800410002704000250006808200220009310000250011524500980014025000110023826000430024930000280029250000350032070000370035504900090039295201260040199900170052700002223420200930011637.0100920s1981 mx a r 001 0 spa d aDO-SdBNPbspacBNPHU axxxxbD275f, 19811 aDaykin, P. W.94597510aFarmacología y terapéutica veterinaria /cP. W. Daykin ; traducción Ramón R. de Mata. a4a ed. aMéxico, D. F. :bcontinental,c1981. a903 p. :bil. ;c24 cm. aIncluye índice alfabético.1 aMata, Ramón R. de,etr.945976 aBNGR 001054708MOaGRbGRcCTd2010-09-20iLF1l0oxxxx D275f, 1981p22234-10r2020-06-25w2020-06-25y4ZPréstamo en sala c21732d21732